| 000 -LEADER |
| fixed length control field |
00496nam a22001817a 4500 |
| 003 - CONTROL NUMBER IDENTIFIER |
| control field |
OSt |
| 005 - DATE AND TIME OF LATEST TRANSACTION |
| control field |
20191029062631.0 |
| 008 - FIXED-LENGTH DATA ELEMENTS--GENERAL INFORMATION |
| fixed length control field |
180305b xxu||||| |||| 00| 0 spa d |
| 020 ## - INTERNATIONAL STANDARD BOOK NUMBER |
| International Standard Book Number |
9505080808 |
| 040 ## - CATALOGING SOURCE |
| Transcribing agency |
PJ |
| 100 ## - ASIENTO PRINCIPAL - NOMBRE DE PERSONA |
| Personal name |
Pérez, Benito |
| 9 (RLIN) |
1325 |
| 245 10 - MENCIÓN DE TÍTULO |
| Título propiamente dicho |
Derecho del trabajo / |
| Mención de responsabilidad, etc |
Benito Pérez. |
| 260 ## - PUBLICATION, DISTRIBUTION, ETC. (IMPRINT) |
| Place of publication, distribution, etc |
Buenos Aires : |
| Name of publisher, distributor, etc |
Astrea, |
| Date of publication, distribution, etc |
1983. |
| 300 ## - DESCRIPCION FISICA |
| Extent |
520 p. |
| Dimensions |
23 cm. |
| 504 ## - NOTA DE BIBLIOGRAFÍA, ETC. |
| Bibliography, etc |
Bibliografía: p. 513-520. |
| 650 #0 - ASIENTO SECUNDARIO DE MATERIA - TERMINO TEMATICO |
| 9 (RLIN) |
1316 |
| Topical term or geographic name as entry element |
DERECHO LABORAL |
| 942 ## - ADDED ENTRY ELEMENTS (KOHA) |
| Source of classification or shelving scheme |
|
| Koha item type |
Libros |
| Item part |
PER |
| Classification part |
349.2 |